000
00211 a2200097 4500
001
47158
100
_a
Kramer G
245
_a
We Shall March Again
260
_a
London
_b
Jonathan Cape
_c
090
_c
30214
_d
30214
942
_a
NUST-CAE
_c
M
_c
22464
999
_c
282231
_d
282231